Umm el-Qaab VIII : Das Grab des Königs Peribsen. Archäologie und Architektu /

محفوظ في:

المؤلف الرئيسي: Claudia Lacher-Raschdorff. (مؤلف)

التنسيق: كتاب

اللغة: German

منشور في: Wiesbaden : Harrassowitz, 2020.

سلاسل: Archaologische Veroffentlichungen (Deutsches Archaologisches Institut. Abteilung Kairo) ; 128.
ArchVer ; 128.

الموضوعات:

الوسوم: إضافة وسم

لا توجد وسوم, كن أول من يضع وسما على هذه التسجيلة!

رقم الطلب: ( F )DT57 .D47 v.128

LEADER 01335nam a22003377a 4500
003 OSt
005 20260511125944.0
008 260511t2020 gw afbeg b 000 0 ger d
020 |a 9783447113441 
040 |c ARCE Library 
043 |a f-ua--- 
050 1 4 |a ( F )DT57  |b .D47 v.128 
100 1 |a Claudia Lacher-Raschdorff.  |e author 
245 1 0 |a Umm el-Qaab VIII :   |p Das Grab des Königs Peribsen. Archäologie und Architektu /   |c Claudia Lacher-Raschdorff. 
264 1 1 |a Wiesbaden :   |b Harrassowitz,   |c 2020. 
300 |a 121 pages, 25 unnumbered pages of plates :  |b illustrations ;  |c 36 cm. 
336 |a text  |b txt  |2 rdacontent 
337 |a unmediated  |b n  |2 rdamedia 
338 |a volume  |b nc  |2 rdacarrier 
490 1 |a Archaologische Veroffentlichungen (Deutsches Archaologisches Institut. Abteilung Kairo) ;   |v 128. 
490 1 |a ArchVer ;   |v 128. 
504 |a Includes bibliographical references. 
650 0 |a Stele (Archaeology)  |z Egypt  |z Umm al-Qaʻab. 
650 0 |a Sepulchral monuments  |z Egypt  |z Umm al-Qaʻab. 
650 0 |a Excavations (Archaeology)  |z Egypt  |z Umm al-Qaʻab. 
651 0 |a Umm al-Qaʻab (Egypt)  |x Antiquities. 
830 0 |a Archaologische Veroffentlichungen (Deutsches Archaologisches Institut. Abteilung Kairo) ;   |v 128. 
830 0 |a ArchVer ;   |v 128. 
901 |a reviewed 
942 |2 lcc  |c BK 
999 |c 62239  |d 62239